000 00839nam a2200217 i 4500
001 30228
003 ES-MaACL
005 20250726063032.0
007 t|
008 030124s1875 sp ||||1| spa d
080 _a821.134.2-34"18"
100 1 _aBarrantes, Vicente,
_d1829-1898
_925851
245 1 0 _aCuentos y leyendas /
_cVicente Barrantes.
260 _aMadrid :
_b[s.n.],
_c1875 (
_fP. Núñez)
300 _aVII, 382 p. ;
_c17 cm.
505 8 _aContiene: El espejo de la verdad ; ¿Quién es ella? ; D. Rodrigo Calderón ; El faro ; La Paloma blanca ; El gato negro ; ¿Quién es él? ; El veinticuatro de Córdoba
530 _aDisponible en formato digital.
852 _aES-MaACL
_jF-5359
856 _uhttp://bdh-rd.bne.es/viewer.vm?id=0000128642&page=1
_zBiblioteca Digital Hispánica
999 _c30228
_d30228